000 00294nam a2200097Ia 4500
008 220204s9999 xx 000 0 und d
082 _a339.5:31(058)
_bINT.1
245 0 _a1993 International trade statistics yearbook V1 : Trade by country
260 _aNew York
_bUnited Nations
_c1995
942 _cBK
999 _c40841
_d40841